| 000 | 00489nam a2200169 i 4500 | ||
|---|---|---|---|
| 001 | 57414 | ||
| 003 | ES-MaACL | ||
| 005 | 20230906163555.0 | ||
| 007 | t| | ||
| 008 | 031016s1961 sp ||||1| spa d | ||
| 100 | 1 |
_aDrinkwater, F. H. _945644 |
|
| 245 | 1 | 0 |
_aHistorietas catequísticas / _cF.H. Drinkwater ; [traducción Marcos Lliró]. |
| 260 |
_aBarcelona : _bHerder, _c1961. |
||
| 300 |
_a608 p. ; _c22 cm. |
||
| 700 | 1 |
_aLliró, Marcos. _972789 |
|
| 852 |
_aES-MaACL _jC-20134 _bR.48706 |
||
| 999 |
_c57414 _d57414 |
||